Normal view
MARC view
Entry Personal Name
001 - CONTROL NUMBER
- control field: 14751
003 - CONTROL NUMBER IDENTIFIER
- control field: dpl
005 - DATE AND TIME OF LATEST TRANSACTION
- control field: 20100818140830.0
008 - FIXED-LENGTH DATA ELEMENTS
- fixed length control field: 100818|||a|||||| | ||| d
040 ## - CATALOGING SOURCE
- Original cataloging agency: dpl
- Transcribing agency: dpl
100 ## - HEADING--PERSONAL NAME
- Personal name: सक्सेना, अनुपमा
670 ## - SOURCE DATA FOUND
- Source citation: Work cat.: (dpl)34379: नारायण, इकबाल 14750, जापान एवं स्विटज़रलैण्ड का संविधान /, 2010
670 ## - SOURCE DATA FOUND
- Source citation: Work cat.: (dpl)34379: नारायण, इकबाल 14750, जापान एवं स्विटज़रलैण्ड का संविधान /, 2010
